| 000 | 00619nam a2200157 a 4500 | ||
|---|---|---|---|
| 008 | 150617s2014 ||||||||||||||||| || u | ||
| 020 | _a9781452219929 | ||
| 050 | _aHV 7419 Gib | ||
| 100 | _aGiblin, Matthew J | ||
| 245 | 1 | 0 |
_aOrganization and management in the criminal justice system: a text/reader _cby Matthew J. Giblin |
| 260 |
_aLos Angeles _bSAGE Publications _c2014 |
||
| 300 | _axxii, 648p. | ||
| 350 | _a89.00 | ||
| 650 | _aCRIMINAL JUSTICE | ||
| 995 |
_FCBU-MAIN LIBRARY (Kitwe) _I89.00 _M1 _UAVAILABLE _WSep 3, 2015 _ZMain Library Open Access Collection |
||
| 999 |
_c52828 _d52828 |
||